000 00847nam a2200253 i 4500
001 72809
003 ES-MaACL
005 20230906171550.0
007 t|
008 040903s1968 fr ||||1| fre d
020 _a2-7073-0083-7
100 1 _aGoffman, Erving.
_957590
245 1 0 _aAsiles
_b: études sur la condition sociales des malades mentaux et autres reclus /
_cErving Goffman ; traduction de Liliane et Claude Lainé ; présentation, index et notes de Robert Castel.
260 _aParís :
_bLes Editions de Minuit,
_c[1968]
300 _a447 p. ;
_c22 cm.
490 1 _aLe sens commun
500 _aIndices.
700 1 _aLainé, Liliane.
_969687
700 1 _aLainé, Claude.
_969685
700 1 _aCastel, Robert.
_936470
830 0 _aLe sens commun
_9177400
852 _aES-MaACL
_jL-10490
_bR.112318
999 _c72809
_d72809